Normal view
MARC view
Entry Personal Name
001 - CONTROL NUMBER
- control field: 252254
003 - CONTROL NUMBER IDENTIFIER
- control field: OSt
005 - DATE AND TIME OF LATEST TRANSACTION
- control field: 20260122160549.0
008 - FIXED-LENGTH DATA ELEMENTS
- fixed length control field: 260122|| aca||aabn | a|a d
040 ## - CATALOGING SOURCE
- Original cataloging agency: OSt
- Transcribing agency: OSt
100 ## - HEADING--PERSONAL NAME
- Personal name: NEHARU JAVAHARALAL
- Dates associated with a name: ಜವಾಹರಲಾಲ್ ನೆಹರು
670 ## - SOURCE DATA FOUND
- Source citation: Work cat.: (OSt)144792: NEHARU JAVAHARALAL ಜವಾಹರಲಾಲ್ ನೆಹರು , Nanna kathe, 1958